[Event "9. Forchheimer Sparkassen Open 2010"]
[Site "Forchheim"]
[Date "2010.10.02"]
[Round "3.4"]
[White "Holzhäuer, Mathias"]
[Black "Pfadenhauer, Johannes"]
[Result "1-0"]
[WhiteElo "2284"]
[BlackElo "1764"]
[PlyCount "51"]
[EventDate "2010.??.??"]
[WhiteTeam "SK Schmiden/Cannstatt"]
[BlackTeam "Kronacher SK 1882 e.V."]

1. e4 {[%emt 0:00:00]} c5 {[%emt 0:00:01]} 2. Nc3 {[%emt 0:00:02]} Nc6 {
[%emt 0:00:02]} 3. Bb5 {[%emt 0:00:02]} g6 {[%emt 0:00:01]} 4. Bxc6 {
[%emt 0:00:02]} bxc6 {[%emt 0:00:03]} 5. d3 {[%emt 0:00:02]} Bg7 {
[%emt 0:00:02]} 6. f4 {[%emt 0:00:02]} Nh6 {[%emt 0:00:23]} 7. Nf3 {
[%emt 0:00:03]} O-O {[%emt 0:00:02]} 8. O-O {[%emt 0:00:05]} d6 {[%emt 0:00:01]
} 9. Qe1 {[%emt 0:00:03]} Rb8 {[%emt 0:00:02]} 10. Qh4 {[%emt 0:00:03]} f5 {
[%emt 0:00:03]} 11. e5 {[%emt 0:00:03]} Nf7 {[%emt 0:00:03]} 12. Re1 {
[%emt 0:00:34]} Qc7 {[%emt 0:00:02]} 13. Qg3 {[%emt 0:00:02]} dxe5 {
[%emt 0:00:02]} 14. fxe5 {[%emt 0:00:02]} Be6 {[%emt 0:00:02]} 15. b3 {
[%emt 0:00:04]} Bh6 {[%emt 0:00:03]} 16. Bxh6 {[%emt 0:00:02]} Nxh6 {
[%emt 0:00:01]} 17. Ne2 {[%emt 0:00:05]} Bd5 {[%emt 0:00:04]} 18. Ng5 {
[%emt 0:00:02]} Ng4 {[%emt 0:00:03]} 19. Nf4 {[%emt 0:00:02]} Rfc8 {
[%emt 0:00:03]} 20. h3 {[%emt 0:00:02]} h6 {[%emt 0:00:02]} 21. Nxd5 {
[%emt 0:00:03]} cxd5 {[%emt 0:00:02]} 22. Nf3 {[%emt 0:00:03]} h5 {
[%emt 0:00:02]} 23. hxg4 {[%emt 0:00:02]} hxg4 {[%emt 0:00:01]} 24. Nd2 {
[%emt 0:00:01]} Kg7 {[%emt 0:00:24]} 25. c4 {[%emt 0:00:03]} Rh8 {
[%emt 0:00:03]} 26. cxd5 {[%emt 0:00:02]} 1-0

[Event "9. Forchheimer Sparkassen Open 2010"]
[Site "Forchheim"]
[Date "2010.10.02"]
[Round "3.5"]
[White "Neuner, Johannes"]
[Black "Mons, Leon"]
[Result "0-1"]
[WhiteElo "1959"]
[BlackElo "2178"]
[PlyCount "69"]
[EventDate "2010.??.??"]
[WhiteTeam "SK Freiburg Zähringen 1887 e.V."]
[BlackTeam "SC Forchheim e.V."]

1. d4 {[%emt 0:00:00]} g6 {[%emt 0:00:02]} 2. c4 {[%emt 0:00:02]} Bg7 {
[%emt 0:00:01]} 3. Nf3 {[%emt 0:00:02]} Nf6 {[%emt 0:00:01]} 4. g3 {
[%emt 0:00:02]} O-O {[%emt 0:00:01]} 5. Bg2 {[%emt 0:00:02]} d6 {[%emt 0:00:01]
} 6. O-O {[%emt 0:00:03]} Nbd7 {[%emt 0:00:15]} 7. Nc3 {[%emt 0:00:02]} e5 {
[%emt 0:00:01]} 8. e4 {[%emt 0:00:02]} exd4 {[%emt 0:00:02]} 9. Nxd4 {
[%emt 0:00:03]} Re8 {[%emt 0:00:02]} 10. h3 {[%emt 0:00:02]} Nc5 {
[%emt 0:00:02]} 11. Re1 {[%emt 0:00:10]} Bd7 {[%emt 0:00:02]} 12. Bf4 {
[%emt 0:00:03]} h6 {[%emt 0:00:02]} 13. b4 {[%emt 0:00:02]} Ne6 {[%emt 0:00:02]
} 14. Be3 {[%emt 0:00:01]} Ng5 {[%emt 0:00:02]} 15. Bxg5 {[%emt 0:00:04]} hxg5
{[%emt 0:00:01]} 16. Qd2 {[%emt 0:00:02]} g4 {[%emt 0:00:01]} 17. h4 {
[%emt 0:00:02]} c6 {[%emt 0:00:01]} 18. Rad1 {[%emt 0:00:03]} Qb6 {
[%emt 0:00:03]} 19. b5 {[%emt 0:00:02]} Rad8 {[%emt 0:00:05]} 20. Qf4 {
[%emt 0:00:02]} Qc5 {[%emt 0:00:02]} 21. Bf1 {[%emt 0:00:02]} Qe5 {
[%emt 0:00:03]} 22. Qe3 {[%emt 0:00:03]} Nh7 {[%emt 0:00:02]} 23. Bg2 {
[%emt 0:00:02]} Nf8 {[%emt 0:00:02]} 24. Nce2 {[%emt 0:00:05]} Qc5 {
[%emt 0:00:02]} 25. Qd3 {[%emt 0:00:02]} Be5 {[%emt 0:00:03]} 26. Nb3 {
[%emt 0:00:02]} Qb6 {[%emt 0:00:02]} 27. Ned4 {[%emt 0:00:03]} Ne6 {
[%emt 0:00:02]} 28. a4 {[%emt 0:00:02]} Nxd4 {[%emt 0:00:02]} 29. Nxd4 {
[%emt 0:00:02]} a6 {[%emt 0:00:02]} 30. Bf1 {[%emt 0:00:03]} axb5 {
[%emt 0:00:02]} 31. axb5 {[%emt 0:00:02]} Ra8 {[%emt 0:00:00]} 32. Be2 {
[%emt 0:00:15]} Ra2 {[%emt 0:00:02]} 33. Qb3 {[%emt 0:00:03]} Bxd4 {
[%emt 0:00:04]} 34. Rxd4 {[%emt 0:00:33]} Rxe2 {[%emt 0:00:03]} 35. Rxe2 {
[%emt 0:00:03]} 0-1

[Event "9. Forchheimer Sparkassen Open 2010"]
[Site "Forchheim"]
[Date "2010.10.02"]
[Round "3.6"]
[White "Prusikin, Michael"]
[Black "Willim, Michael"]
[Result "1-0"]
[WhiteElo "2522"]
[BlackElo "2134"]
[PlyCount "75"]
[EventDate "2010.??.??"]
[WhiteTeam "SC Forchheim e.V."]
[BlackTeam "SC Erlangen 48/88"]

1. d4 {[%emt 0:00:00]} Nf6 {[%emt 0:00:01]} 2. c4 {[%emt 0:00:02]} e5 {
[%emt 0:00:02]} 3. dxe5 {[%emt 0:00:04]} Ng4 {[%emt 0:00:05]} 4. e3 {
[%emt 0:00:02]} Nxe5 {[%emt 0:00:01]} 5. Nh3 {[%emt 0:00:03]} d6 {
[%emt 0:00:02]} 6. Nf4 {[%emt 0:00:03]} g6 {[%emt 0:00:03]} 7. Nc3 {
[%emt 0:00:03]} Bg7 {[%emt 0:00:02]} 8. Be2 {[%emt 0:00:03]} O-O {
[%emt 0:00:01]} 9. O-O {[%emt 0:00:02]} Nbd7 {[%emt 0:00:01]} 10. Qc2 {
[%emt 0:00:04]} Nc5 {[%emt 0:00:01]} 11. Rd1 {[%emt 0:00:02]} Ne6 {
[%emt 0:00:03]} 12. Nxe6 {[%emt 0:00:02]} fxe6 {[%emt 0:00:01]} 13. b3 {
[%emt 0:00:03]} Qe7 {[%emt 0:00:02]} 14. Bb2 {[%emt 0:00:02]} Bd7 {
[%emt 0:00:03]} 15. f4 {[%emt 0:00:03]} Nf7 {[%emt 0:00:03]} 16. Bf3 {
[%emt 0:00:03]} Bc6 {[%emt 0:00:05]} 17. Rf1 {[%emt 0:00:03]} Rae8 {
[%emt 0:00:03]} 18. Rad1 {[%emt 0:00:03]} Nh6 {[%emt 0:00:03]} 19. Rd3 {
[%emt 0:00:03]} g5 {[%emt 0:00:03]} 20. Bxc6 {[%emt 0:00:04]} bxc6 {
[%emt 0:00:02]} 21. Ne4 {[%emt 0:00:04]} g4 {[%emt 0:00:03]} 22. Ng3 {
[%emt 0:00:02]} Qh4 {[%emt 0:00:03]} 23. Bxg7 {[%emt 0:00:04]} Kxg7 {
[%emt 0:00:01]} 24. Qc3+ {[%emt 0:00:00]} Kg8 {[%emt 0:00:05]} 25. Qa5 {
[%emt 0:00:04]} Qe7 {[%emt 0:00:05]} 26. e4 {[%emt 0:00:02]} c5 {[%emt 0:00:02]
} 27. Rf2 {[%emt 0:00:02]} Ra8 {[%emt 0:00:04]} 28. Re3 {[%emt 0:00:05]} Qg7 {
[%emt 0:00:02]} 29. e5 {[%emt 0:00:03]} Nf5 {[%emt 0:00:04]} 30. Nxf5 {
[%emt 0:00:01]} Rxf5 {[%emt 0:00:01]} 31. exd6 {[%emt 0:00:02]} cxd6 {
[%emt 0:00:03]} 32. Rxe6 {[%emt 0:00:01]} Qd4 {[%emt 0:00:01]} 33. g3 {
[%emt 0:00:03]} d5 {[%emt 0:00:03]} 34. Qe1 {[%emt 0:00:03]} dxc4 {
[%emt 0:00:02]} 35. Re4 {[%emt 0:00:04]} Qd7 {[%emt 0:00:02]} 36. Re7 {
[%emt 0:00:03]} Qd6 {[%emt 0:00:02]} 37. Rd2 {[%emt 0:00:03]} Rd5 {
[%emt 0:00:03]} 38. Qe4 {[%emt 0:00:02]} 1-0

[Event "9. Forchheimer Sparkassen Open 2010"]
[Site "Forchheim"]
[Date "2010.10.02"]
[Round "3.7"]
[White "Andraschko, Felix"]
[Black "Schramm, Christian"]
[Result "0-1"]
[WhiteElo "2068"]
[BlackElo "2322"]
[PlyCount "92"]
[EventDate "2010.??.??"]
[WhiteTeam "SC Leinfelden"]
[BlackTeam "SC 1959 Obernau"]

1. d4 {[%emt 0:00:00]} g6 {[%emt 0:00:01]} 2. e4 {[%emt 0:00:02]} Bg7 {
[%emt 0:00:02]} 3. c4 {[%emt 0:00:02]} d6 {[%emt 0:00:02]} 4. Nc3 {
[%emt 0:00:02]} Nf6 {[%emt 0:00:02]} 5. Nf3 {[%emt 0:00:02]} O-O {
[%emt 0:00:02]} 6. Be2 {[%emt 0:00:28]} Na6 {[%emt 0:00:02]} 7. O-O {
[%emt 0:00:12]} c5 {[%emt 0:00:01]} 8. Re1 {[%emt 0:00:02]} cxd4 {
[%emt 0:00:01]} 9. Nxd4 {[%emt 0:00:02]} Nc5 {[%emt 0:00:01]} 10. Bf1 {
[%emt 0:00:02]} a6 {[%emt 0:00:02]} 11. h3 {[%emt 0:00:02]} e6 {[%emt 0:00:02]}
12. Bg5 {[%emt 0:00:03]} h6 {[%emt 0:00:02]} 13. Bh4 {[%emt 0:00:01]} g5 {
[%emt 0:00:01]} 14. Bg3 {[%emt 0:00:02]} d5 {[%emt 0:00:01]} 15. cxd5 {
[%emt 0:00:02]} exd5 {[%emt 0:00:01]} 16. e5 {[%emt 0:00:02]} Nfe4 {
[%emt 0:00:03]} 17. Nxe4 {[%emt 0:00:02]} Nxe4 {[%emt 0:00:01]} 18. Bh2 {
[%emt 0:00:02]} Qb6 {[%emt 0:00:02]} 19. f3 {[%emt 0:00:02]} Nc5 {
[%emt 0:00:01]} 20. Qd2 {[%emt 0:00:03]} Ne6 {[%emt 0:00:02]} 21. Rad1 {
[%emt 0:00:03]} Re8 {[%emt 0:00:03]} 22. Kh1 {[%emt 0:00:01]} Nxd4 {
[%emt 0:00:02]} 23. Qxd4 {[%emt 0:00:02]} Qxd4 {[%emt 0:00:02]} 24. Rxd4 {
[%emt 0:00:01]} Be6 {[%emt 0:00:01]} 25. Rb4 {[%emt 0:00:03]} b5 {
[%emt 0:00:02]} 26. f4 {[%emt 0:00:02]} Rac8 {[%emt 0:00:02]} 27. fxg5 {
[%emt 0:00:03]} hxg5 {[%emt 0:00:01]} 28. Rd4 {[%emt 0:00:03]} Rc2 {
[%emt 0:00:01]} 29. Rb1 {[%emt 0:00:02]} Rec8 {[%emt 0:00:03]} 30. Rdd1 {
[%emt 0:00:10]} g4 {[%emt 0:00:02]} 31. Bd3 {[%emt 0:00:02]} gxh3 {
[%emt 0:00:01]} 32. Bxc2 {[%emt 0:00:02]} Rxc2 {[%emt 0:00:08]} 33. gxh3 {
[%emt 0:00:06]} Bf5 {[%emt 0:00:01]} 34. Bf4 {[%emt 0:00:02]} Rf2 {
[%emt 0:00:02]} 35. Be3 {[%emt 0:00:02]} Re2 {[%emt 0:00:01]} 36. Bd4 {
[%emt 0:00:02]} Bxb1 {[%emt 0:00:02]} 37. Rxb1 {[%emt 0:00:01]} Bxe5 {
[%emt 0:00:03]} 38. Bxe5 {[%emt 0:00:02]} Rxe5 {[%emt 0:00:01]} 39. Rd1 {
[%emt 0:00:03]} Re2 {[%emt 0:00:01]} 40. Rxd5 {[%emt 0:00:02]} Rxb2 {
[%emt 0:00:02]} 41. a4 {[%emt 0:00:05]} b4 {[%emt 0:00:03]} 42. a5 {
[%emt 0:00:04]} b3 {[%emt 0:00:02]} 43. Rd8+ {[%emt 0:00:02]} Kg7 {
[%emt 0:00:01]} 44. Rb8 {[%emt 0:00:02]} Kg6 {[%emt 0:00:03]} 45. Rb4 {
[%emt 0:00:02]} f5 {[%emt 0:00:02]} 46. Kg1 {[%emt 0:00:03]} f4 {[%emt 0:00:04]
} 0-1

[Event "9. Forchheimer Sparkassen Open 2010"]
[Site "Forchheim"]
[Date "2010.10.02"]
[Round "3.8"]
[White "Kvetny, Mark"]
[Black "Donchenko, Alexander"]
[Result "1/2-1/2"]
[WhiteElo "1984"]
[BlackElo "2204"]
[PlyCount "55"]
[EventDate "2010.??.??"]
[WhiteTeam "SV Altbach e.V."]
[BlackTeam "SK 1858 Gießen"]

1. d4 {[%emt 0:00:00]} d5 {[%emt 0:00:02]} 2. c4 {[%emt 0:00:02]} dxc4 {
[%emt 0:00:01]} 3. Nf3 {[%emt 0:00:02]} a6 {[%emt 0:00:02]} 4. e3 {
[%emt 0:00:02]} Nf6 {[%emt 0:00:02]} 5. Bxc4 {[%emt 0:00:02]} e6 {
[%emt 0:00:01]} 6. O-O {[%emt 0:00:02]} c5 {[%emt 0:00:02]} 7. Bb3 {
[%emt 0:00:02]} Nc6 {[%emt 0:00:02]} 8. Nc3 {[%emt 0:00:02]} Bd6 {
[%emt 0:00:02]} 9. dxc5 {[%emt 0:00:02]} Bxc5 {[%emt 0:00:01]} 10. Qe2 {
[%emt 0:00:02]} Qc7 {[%emt 0:00:02]} 11. Rd1 {[%emt 0:00:06]} O-O {
[%emt 0:00:02]} 12. h3 {[%emt 0:00:03]} b6 {[%emt 0:00:02]} 13. e4 {
[%emt 0:00:02]} Nd7 {[%emt 0:00:03]} 14. a3 {[%emt 0:00:03]} Bb7 {
[%emt 0:00:01]} 15. Na4 {[%emt 0:00:06]} Rfd8 {[%emt 0:00:02]} 16. Bg5 {
[%emt 0:00:04]} Be7 {[%emt 0:00:02]} 17. Bxe7 {[%emt 0:00:03]} Nxe7 {
[%emt 0:00:01]} 18. Qe3 {[%emt 0:00:02]} b5 {[%emt 0:00:01]} 19. Rac1 {
[%emt 0:00:02]} Nc6 {[%emt 0:00:02]} 20. Nc5 {[%emt 0:00:02]} Nxc5 {
[%emt 0:00:02]} 21. Qxc5 {[%emt 0:00:02]} Rxd1+ {[%emt 0:00:02]} 22. Rxd1 {
[%emt 0:00:02]} Rd8 {[%emt 0:00:02]} 23. Nd4 {[%emt 0:00:02]} Qe7 {
[%emt 0:00:02]} 24. Qxe7 {[%emt 0:00:02]} Nxe7 {[%emt 0:00:01]} 25. f3 {
[%emt 0:00:02]} e5 {[%emt 0:00:01]} 26. Ne2 {[%emt 0:00:01]} Rxd1+ {
[%emt 0:00:02]} 27. Bxd1 {[%emt 0:00:01]} Nc6 {[%emt 0:00:02]} 28. b4 {
[%emt 0:00:01]} 1/2-1/2

[Event "9. Forchheimer Sparkassen Open 2010"]
[Site "Forchheim"]
[Date "2010.10.02"]
[Round "3.9"]
[White "Feldheim, Jonas"]
[Black "Grafe, Wilhelm"]
[Result "0-1"]
[WhiteElo "1900"]
[BlackElo "2202"]
[PlyCount "78"]
[EventDate "2010.??.??"]
[WhiteTeam "SC Ansbach 1855 e.V."]
[BlackTeam "SC Forchheim e.V."]

1. e4 {[%emt 0:00:00]} c6 {[%emt 0:00:01]} 2. Nc3 {[%emt 0:00:01]} d5 {
[%emt 0:00:02]} 3. Nf3 {[%emt 0:00:02]} Bg4 {[%emt 0:00:01]} 4. h3 {
[%emt 0:00:02]} Bxf3 {[%emt 0:00:01]} 5. Qxf3 {[%emt 0:00:01]} e6 {
[%emt 0:00:02]} 6. d3 {[%emt 0:00:06]} Nf6 {[%emt 0:00:02]} 7. Bg5 {
[%emt 0:00:03]} d4 {[%emt 0:00:02]} 8. Bxf6 {[%emt 0:00:03]} Qxf6 {
[%emt 0:00:01]} 9. Qxf6 {[%emt 0:00:02]} gxf6 {[%emt 0:00:01]} 10. Ne2 {
[%emt 0:00:02]} c5 {[%emt 0:00:02]} 11. f4 {[%emt 0:00:05]} Nc6 {[%emt 0:00:04]
} 12. c3 {[%emt 0:00:05]} Bd6 {[%emt 0:00:02]} 13. g3 {[%emt 0:00:03]} Rg8 {
[%emt 0:00:02]} 14. Bg2 {[%emt 0:00:03]} dxc3 {[%emt 0:00:03]} 15. bxc3 {
[%emt 0:00:02]} e5 {[%emt 0:00:02]} 16. Bf3 {[%emt 0:00:03]} Ke7 {
[%emt 0:00:05]} 17. Rb1 {[%emt 0:00:03]} Rab8 {[%emt 0:00:08]} 18. a4 {
[%emt 0:00:02]} Bc7 {[%emt 0:00:06]} 19. Kd2 {[%emt 0:00:03]} Rgd8 {
[%emt 0:00:02]} 20. Kc2 {[%emt 0:00:04]} a6 {[%emt 0:00:04]} 21. Nc1 {
[%emt 0:00:02]} exf4 {[%emt 0:00:02]} 22. gxf4 {[%emt 0:00:02]} Bxf4 {
[%emt 0:00:01]} 23. Nb3 {[%emt 0:00:02]} b6 {[%emt 0:00:02]} 24. Rbd1 {
[%emt 0:00:03]} Ne5 {[%emt 0:00:02]} 25. Be2 {[%emt 0:00:02]} Nc6 {
[%emt 0:00:02]} 26. Bf3 {[%emt 0:00:02]} Rbc8 {[%emt 0:00:07]} 27. Bg4 {
[%emt 0:00:05]} Rc7 {[%emt 0:00:02]} 28. Bf5 {[%emt 0:00:02]} h6 {
[%emt 0:00:01]} 29. Rdf1 {[%emt 0:00:02]} Bd6 {[%emt 0:00:02]} 30. Rhg1 {
[%emt 0:00:03]} Kf8 {[%emt 0:00:08]} 31. Bh7 {[%emt 0:00:06]} Ke7 {
[%emt 0:00:05]} 32. Bf5 {[%emt 0:00:02]} b5 {[%emt 0:00:02]} 33. axb5 {
[%emt 0:00:02]} axb5 {[%emt 0:00:01]} 34. Ra1 {[%emt 0:00:03]} b4 {
[%emt 0:00:02]} 35. Ra6 {[%emt 0:00:03]} bxc3 {[%emt 0:00:02]} 36. Kxc3 {
[%emt 0:00:02]} Be5+ {[%emt 0:00:02]} 37. Kc4 {[%emt 0:00:08]} Nb4 {
[%emt 0:00:00]} 38. Ra5 {[%emt 0:00:02]} Nxd3 {[%emt 0:00:03]} 39. Nxc5 {
[%emt 0:00:05]} Rd4+ {[%emt 0:00:01]} 0-1

[Event "9. Forchheimer Sparkassen Open 2010"]
[Site "Forchheim"]
[Date "2010.10.02"]
[Round "3.10"]
[White "Gegenfurtner, Jürgen"]
[Black "Meulner, Klaus"]
[Result "1-0"]
[WhiteElo "2116"]
[BlackElo "2188"]
[PlyCount "89"]
[EventDate "2010.??.??"]
[WhiteTeam "TSV Wacker Neutraubling"]
[BlackTeam "SW Nürnberg Süd e.V."]

1. e4 {[%emt 0:00:00]} c5 {[%emt 0:00:01]} 2. Nf3 {[%emt 0:00:02]} Nc6 {
[%emt 0:00:02]} 3. d4 {[%emt 0:00:02]} cxd4 {[%emt 0:00:01]} 4. Nxd4 {
[%emt 0:00:01]} Qb6 {[%emt 0:00:03]} 5. Nb3 {[%emt 0:00:21]} Nf6 {
[%emt 0:00:01]} 6. Nc3 {[%emt 0:00:03]} e6 {[%emt 0:00:01]} 7. Bd3 {
[%emt 0:00:03]} Qc7 {[%emt 0:00:02]} 8. O-O {[%emt 0:00:02]} a6 {[%emt 0:00:02]
} 9. Kh1 {[%emt 0:00:03]} Be7 {[%emt 0:00:01]} 10. f4 {[%emt 0:00:02]} d6 {
[%emt 0:00:01]} 11. Bd2 {[%emt 0:00:02]} O-O {[%emt 0:00:01]} 12. Qe2 {
[%emt 0:00:02]} b5 {[%emt 0:00:01]} 13. a3 {[%emt 0:00:02]} Nd7 {[%emt 0:00:02]
} 14. Rae1 {[%emt 0:00:03]} Bh4 {[%emt 0:00:03]} 15. Rd1 {[%emt 0:00:02]} Bf6 {
[%emt 0:00:02]} 16. Rf3 {[%emt 0:00:02]} g6 {[%emt 0:00:02]} 17. Rh3 {
[%emt 0:00:03]} Re8 {[%emt 0:00:02]} 18. Rf1 {[%emt 0:00:02]} Bg7 {
[%emt 0:00:05]} 19. Qf2 {[%emt 0:00:02]} Qd8 {[%emt 0:00:01]} 20. Be3 {
[%emt 0:00:02]} Bb7 {[%emt 0:00:02]} 21. Rd1 {[%emt 0:00:03]} Qe7 {
[%emt 0:00:01]} 22. Bc1 {[%emt 0:00:02]} Rac8 {[%emt 0:00:02]} 23. Bd2 {
[%emt 0:00:01]} Red8 {[%emt 0:00:03]} 24. Re1 {[%emt 0:00:02]} Nc5 {
[%emt 0:00:02]} 25. Nxc5 {[%emt 0:00:02]} dxc5 {[%emt 0:00:01]} 26. e5 {
[%emt 0:00:01]} Nd4 {[%emt 0:00:01]} 27. Be3 {[%emt 0:00:02]} Nf5 {
[%emt 0:00:01]} 28. Bc1 {[%emt 0:00:02]} Rd4 {[%emt 0:00:02]} 29. Ne4 {
[%emt 0:00:02]} Bxe4 {[%emt 0:00:02]} 30. Bxe4 {[%emt 0:00:01]} Rcd8 {
[%emt 0:00:01]} 31. c3 {[%emt 0:00:02]} Rd1 {[%emt 0:00:02]} 32. Bc2 {
[%emt 0:00:02]} R1d5 {[%emt 0:00:04]} 33. g4 {[%emt 0:00:02]} Nh6 {
[%emt 0:00:04]} 34. Qe2 {[%emt 0:00:01]} Kh8 {[%emt 0:00:02]} 35. Be4 {
[%emt 0:00:02]} Qd7 {[%emt 0:00:02]} 36. Bxd5 {[%emt 0:00:02]} Qxd5+ {
[%emt 0:00:01]} 37. Kg1 {[%emt 0:00:02]} Ng8 {[%emt 0:00:03]} 38. Be3 {
[%emt 0:00:03]} Ne7 {[%emt 0:00:02]} 39. Qf2 {[%emt 0:00:02]} g5 {
[%emt 0:00:02]} 40. f5 {[%emt 0:00:02]} Nc6 {[%emt 0:00:02]} 41. Bxg5 {
[%emt 0:00:03]} Rg8 {[%emt 0:00:02]} 42. f6 {[%emt 0:00:01]} Bf8 {
[%emt 0:00:01]} 43. Rxh7+ {[%emt 0:00:02]} Kxh7 {[%emt 0:00:01]} 44. Qh4+ {
[%emt 0:00:02]} Kg6 {[%emt 0:00:03]} 45. Qh5# {[%emt 0:00:02]} 1-0

[Event "9. Forchheimer Sparkassen Open 2010"]
[Site "Forchheim"]
[Date "2010.10.02"]
[Round "3.11"]
[White "Walter, Florian"]
[Black "Ruff, Maximilian"]
[Result "1-0"]
[WhiteElo "2019"]
[BlackElo "1981"]
[PlyCount "57"]
[EventDate "2010.??.??"]
[WhiteTeam "SV Lauf a.d.P."]
[BlackTeam "SC Brandeck-Turm Ohlsbach e.V."]

1. Nf3 {[%emt 0:00:00]} Nf6 {[%emt 0:00:01]} 2. c4 {[%emt 0:00:03]} g6 {
[%emt 0:00:01]} 3. Nc3 {[%emt 0:00:02]} Bg7 {[%emt 0:00:02]} 4. g3 {
[%emt 0:00:02]} O-O {[%emt 0:00:02]} 5. Bg2 {[%emt 0:00:03]} d6 {[%emt 0:00:01]
} 6. O-O {[%emt 0:00:02]} e5 {[%emt 0:00:02]} 7. d3 {[%emt 0:00:02]} Nc6 {
[%emt 0:00:01]} 8. Rb1 {[%emt 0:00:02]} Ne8 {[%emt 0:00:02]} 9. b4 {
[%emt 0:00:02]} f5 {[%emt 0:00:03]} 10. b5 {[%emt 0:00:02]} Ne7 {[%emt 0:00:02]
} 11. Qb3 {[%emt 0:00:02]} Kh8 {[%emt 0:00:02]} 12. Ba3 {[%emt 0:02:23]} Nf6 {
[%emt 0:00:08]} 13. c5 {[%emt 0:00:01]} h6 {[%emt 0:00:02]} 14. cxd6 {
[%emt 0:00:02]} cxd6 {[%emt 0:00:01]} 15. Nd2 {[%emt 0:00:02]} a6 {
[%emt 0:00:02]} 16. Nc4 {[%emt 0:00:03]} axb5 {[%emt 0:00:01]} 17. Nxb5 {
[%emt 0:00:02]} e4 {[%emt 0:00:01]} 18. Ncxd6 {[%emt 0:00:02]} Qd7 {
[%emt 0:00:02]} 19. dxe4 {[%emt 0:00:02]} fxe4 {[%emt 0:00:02]} 20. Rfd1 {
[%emt 0:00:02]} Qe6 {[%emt 0:00:02]} 21. Nxc8 {[%emt 0:00:03]} Qxb3 {
[%emt 0:00:02]} 22. Rxb3 {[%emt 0:00:02]} Nxc8 {[%emt 0:00:06]} 23. Bxf8 {
[%emt 0:00:12]} Bxf8 {[%emt 0:00:02]} 24. Rd8 {[%emt 0:00:02]} Kg7 {
[%emt 0:00:02]} 25. Nc7 {[%emt 0:00:02]} Rxa2 {[%emt 0:00:03]} 26. Rxc8 {
[%emt 0:00:03]} Ra1+ {[%emt 0:00:03]} 27. Bf1 {[%emt 0:00:22]} Bd6 {
[%emt 0:00:02]} 28. Ne8+ {[%emt 0:00:02]} Nxe8 {[%emt 0:00:02]} 29. Rxe8 {
[%emt 0:00:01]} 1-0

[Event "9. Forchheimer Sparkassen Open 2010"]
[Site "Forchheim"]
[Date "2010.10.02"]
[Round "3.12"]
[White "Bielmeier, Ludwig"]
[Black "Barnickel, Josef"]
[Result "0-1"]
[WhiteElo "2157"]
[BlackElo "2048"]
[PlyCount "158"]
[EventDate "2010.??.??"]
[WhiteTeam "SV Deggendorf"]
[BlackTeam "SF Windheim e.V."]

1. c4 {[%emt 0:00:00]} Nf6 {[%emt 0:00:01]} 2. g3 {[%emt 0:00:02]} g6 {
[%emt 0:00:03]} 3. Bg2 {[%emt 0:00:01]} Bg7 {[%emt 0:00:02]} 4. Nc3 {
[%emt 0:00:02]} d6 {[%emt 0:00:01]} 5. Rb1 {[%emt 0:00:02]} O-O {[%emt 0:00:01]
} 6. b4 {[%emt 0:00:02]} a5 {[%emt 0:00:01]} 7. a3 {[%emt 0:00:03]} axb4 {
[%emt 0:00:02]} 8. axb4 {[%emt 0:00:01]} e5 {[%emt 0:00:02]} 9. d3 {
[%emt 0:00:02]} Nc6 {[%emt 0:00:01]} 10. Nf3 {[%emt 0:00:02]} Re8 {
[%emt 0:00:01]} 11. b5 {[%emt 0:00:02]} Nd4 {[%emt 0:00:01]} 12. Be3 {
[%emt 0:00:02]} Nf5 {[%emt 0:00:01]} 13. Bg5 {[%emt 0:00:03]} h6 {
[%emt 0:00:02]} 14. Bxf6 {[%emt 0:00:02]} Bxf6 {[%emt 0:00:02]} 15. O-O {
[%emt 0:00:02]} Bg7 {[%emt 0:00:00]} 16. Ne1 {[%emt 0:00:06]} Ra7 {
[%emt 0:00:04]} 17. Nc2 {[%emt 0:00:06]} b6 {[%emt 0:00:02]} 18. Nb4 {
[%emt 0:00:03]} Ne7 {[%emt 0:00:02]} 19. Ra1 {[%emt 0:00:02]} Rxa1 {
[%emt 0:00:01]} 20. Qxa1 {[%emt 0:00:01]} Bg4 {[%emt 0:00:12]} 21. h3 {
[%emt 0:00:01]} Be6 {[%emt 0:00:03]} 22. Qa3 {[%emt 0:00:01]} Qd7 {
[%emt 0:00:01]} 23. Kh2 {[%emt 0:00:02]} f5 {[%emt 0:00:01]} 24. Nbd5 {
[%emt 0:00:05]} Kh7 {[%emt 0:00:02]} 25. Nxe7 {[%emt 0:00:02]} Qxe7 {
[%emt 0:00:02]} 26. Bc6 {[%emt 0:00:03]} Rf8 {[%emt 0:00:03]} 27. Bg2 {
[%emt 0:00:03]} e4 {[%emt 0:00:02]} 28. f4 {[%emt 0:00:03]} exf3 {
[%emt 0:00:01]} 29. exf3 {[%emt 0:00:02]} f4 {[%emt 0:00:02]} 30. g4 {
[%emt 0:00:02]} Bd4 {[%emt 0:00:02]} 31. Ne4 {[%emt 0:00:03]} Qh4 {
[%emt 0:00:03]} 32. Qa7 {[%emt 0:00:07]} Rf7 {[%emt 0:00:04]} 33. Qa2 {
[%emt 0:00:30]} h5 {[%emt 0:00:01]} 34. g5 {[%emt 0:00:02]} Kg7 {[%emt 0:00:01]
} 35. Qe2 {[%emt 0:00:02]} Bf5 {[%emt 0:00:02]} 36. Qe1 {[%emt 0:00:02]} Qxe1 {
[%emt 0:00:02]} 37. Rxe1 {[%emt 0:00:01]} Rf8 {[%emt 0:00:01]} 38. h4 {
[%emt 0:00:02]} Ra8 {[%emt 0:00:02]} 39. Re2 {[%emt 0:00:02]} Ra3 {
[%emt 0:00:02]} 40. Bf1 {[%emt 0:00:04]} Rxd3 {[%emt 0:00:03]} 41. Rd2 {
[%emt 0:00:02]} Rxd2+ {[%emt 0:00:01]} 42. Nxd2 {[%emt 0:00:11]} Bf2 {
[%emt 0:00:02]} 43. Nb3 {[%emt 0:00:02]} Bxh4 {[%emt 0:00:12]} 44. Nd4 {
[%emt 0:00:03]} Bd7 {[%emt 0:00:02]} 45. Bh3 {[%emt 0:00:02]} Bxh3 {
[%emt 0:00:02]} 46. Kxh3 {[%emt 0:00:01]} Bxg5 {[%emt 0:00:01]} 47. Ne6+ {
[%emt 0:00:02]} Kf6 {[%emt 0:00:03]} 48. Nxc7 {[%emt 0:00:01]} Ke5 {
[%emt 0:00:03]} 49. Nd5 {[%emt 0:00:02]} Bd8 {[%emt 0:00:03]} 50. Nb4 {
[%emt 0:00:01]} Kf5 {[%emt 0:00:03]} 51. Nc6 {[%emt 0:00:02]} Bf6 {
[%emt 0:00:03]} 52. Nb4 {[%emt 0:00:03]} g5 {[%emt 0:00:02]} 53. Nd5 {
[%emt 0:00:02]} g4+ {[%emt 0:00:05]} 54. Kg2 {[%emt 0:00:03]} Bd4 {
[%emt 0:00:01]} 55. Ne7+ {[%emt 0:00:02]} Kg5 {[%emt 0:00:02]} 56. Nc8 {
[%emt 0:00:04]} Bc5 {[%emt 0:00:01]} 57. Ne7 {[%emt 0:00:02]} Kf6 {
[%emt 0:00:03]} 58. Nd5+ {[%emt 0:00:02]} Ke5 {[%emt 0:00:01]} 59. Ne7 {
[%emt 0:00:01]} Be3 {[%emt 0:00:02]} 60. Nc6+ {[%emt 0:00:03]} Ke6 {
[%emt 0:00:02]} 61. Nd8+ {[%emt 0:00:06]} Kf6 {[%emt 0:00:01]} 62. Nc6 {
[%emt 0:00:01]} Kf5 {[%emt 0:00:01]} 63. Ne7+ {[%emt 0:00:02]} Kg5 {
[%emt 0:00:01]} 64. Nc8 {[%emt 0:00:02]} Bc5 {[%emt 0:00:02]} 65. Ne7 {
[%emt 0:00:03]} h4 {[%emt 0:00:01]} 66. Nd5 {[%emt 0:00:02]} h3+ {
[%emt 0:00:01]} 67. Kh2 {[%emt 0:00:02]} Be3 {[%emt 0:00:01]} 68. fxg4 {
[%emt 0:00:02]} Kxg4 {[%emt 0:00:01]} 69. Nf6+ {[%emt 0:00:03]} Kh4 {
[%emt 0:00:02]} 70. Ne8 {[%emt 0:00:03]} Bf2 {[%emt 0:00:02]} 71. Nf6 {
[%emt 0:00:02]} Bg3+ {[%emt 0:00:01]} 72. Kh1 {[%emt 0:00:02]} f3 {
[%emt 0:00:01]} 73. Ne4 {[%emt 0:00:02]} f2 {[%emt 0:00:01]} 74. Nd2 {
[%emt 0:00:02]} Bf4 {[%emt 0:00:02]} 75. Nf1 {[%emt 0:00:01]} Kg4 {
[%emt 0:00:00]} 76. c5 {[%emt 0:00:09]} bxc5 {[%emt 0:00:01]} 77. b6 {
[%emt 0:00:02]} h2 {[%emt 0:00:01]} 78. b7 {[%emt 0:00:04]} d5 {[%emt 0:00:01]}
79. Ne3+ {[%emt 0:00:02]} Bxe3 {[%emt 0:00:01]} 0-1